164 modelos de planos de plantas / (Registro nro. 2321)
[ vista simple ]
| 000 -LEADER | |
|---|---|
| fixed length control field | 01170nam a2200253Ia 4500 |
| 003 - CONTROL NUMBER IDENTIFIER | |
| control field | PE SENCICO BE |
| 005 - DATE AND TIME OF LATEST TRANSACTION | |
| control field | 20260323203333.0 |
| 008 - FIXED-LENGTH DATA ELEMENTS--GENERAL INFORMATION | |
| fixed length control field | 200515s9999 xx 000 0 und d |
| 020 ## - INTERNATIONAL STANDARD BOOK NUMBER | |
| International Standard Book Number | 84-329-2921-2 |
| 040 ## - CATALOGING SOURCE | |
| Original cataloging agency | PE SENCICO BE |
| Transcribing agency | PE SENCICO BE |
| 041 ## - LANGUAGE CODE | |
| Language code of text/sound track or separate title | spa |
| 082 ## - DEWEY DECIMAL CLASSIFICATION NUMBER | |
| Classification number | 720.22 |
| Item number | R74 1980 |
| 100 1# - MAIN ENTRY--PERSONAL NAME | |
| Personal name | Rodriguez, Anselmo |
| 9 (RLIN) | 613 |
| Relator term | autor |
| 245 10 - TITLE STATEMENT | |
| Title | 164 modelos de planos de plantas / |
| Statement of responsibility, etc. | Anselmo Rodriguez |
| 250 ## - EDITION STATEMENT | |
| Edition statement | 18a ed. |
| 260 ## - PUBLICATION, DISTRIBUTION, ETC. | |
| Place of publication, distribution, etc. | Barcelona : |
| Name of publisher, distributor, etc. | Ediciones CEAC ; |
| Date of publication, distribution, etc. | 1980 |
| 300 ## - PHYSICAL DESCRIPTION | |
| Extent | 202 páginas : |
| Other physical details | ilustraciones, planos ; |
| Dimensions | 21 cm. |
| 490 ## - SERIES STATEMENT | |
| Materials specified | Monografías CEAC de construcción |
| 505 0# - FORMATTED CONTENTS NOTE | |
| Formatted contents note | Viviendas mínimas de una a dos plantas -- Apartamento viviendas mínimas -- Viviendas con fachadas anterior y posterior y superficie menor de 52 m2 -- Viviendas con fachadas anterior y posterior superficie mayor de 52 m2 -- Viviendas aisladas en una planta -- Viviendas aisladas con dos plantas -- Estudios varios de plantas -- Viviendas unitarias con plantas en L, T, Z, etc., en una sola planta -- La vivienda challet |
| 650 10 - SUBJECT ADDED ENTRY--TOPICAL TERM | |
| Topical term or geographic name entry element | Viviendas |
| 9 (RLIN) | 455 |
| 650 20 - SUBJECT ADDED ENTRY--TOPICAL TERM | |
| Topical term or geographic name entry element | Planos |
| 9 (RLIN) | 614 |
| 650 20 - SUBJECT ADDED ENTRY--TOPICAL TERM | |
| Topical term or geographic name entry element | Arquitectura de viviendas |
| 9 (RLIN) | 409 |
| 942 ## - ADDED ENTRY ELEMENTS (KOHA) | |
| Koha item type | Libros |
| Source of classification or shelving scheme | Dewey Decimal Classification |
| Fecha de la última vez que lo usaron | Número de ingreso o de inventario | Pago total | Signatura topográfica completa | Código de barras | Tipo de documento | Estado perdido | Sistema de clasificación | Estado dañado | No es para préstamo | Retirado | Ubicación permanente | Ubicación actual | Precio efectivo desde | Fecha de adquisición |
|---|---|---|---|---|---|---|---|---|---|---|---|---|---|---|
| 15/05/2020 | 1572 | 720.22/R74/1980 | BibLima26032695 | Libros | Dewey Decimal Classification | Biblioteca Central Lima | Biblioteca Central Lima | |||||||
| 23/03/2026 | 1575 | 720.22/R74/1980/ej. 2 | BibLima26032696 | Libros | Dewey Decimal Classification | Biblioteca Central Lima | Biblioteca Central Lima | 23/03/2026 | 23/03/2026 | |||||
| 23/03/2026 | 720.22/R74/1980 | BibZpiur26032697 | Libros | Dewey Decimal Classification | Biblioteca Piura | Biblioteca Piura | 23/03/2026 | 23/03/2026 |